000 00489nam a2200229Ia 4500
001 104601
003 YMCAF
005 20230512162208.0
008 100717s2003 ||||||||||||||||| ||und|d
024 _a104601
035 _aBB4867
040 _aYMCAF
_beng
_cIN-KoLT
041 _aeng
082 _a001
_bTMH
100 _aTMH
245 0 _aGeneral studies manual- 2003
260 _bTMH
_c2003
300 _aK114
653 _aManual
653 _aManual- 2003
942 _2ddc
_cBK
999 _c10734
_d10734